| 000 | 00922nam a22002537a 4500 | ||
|---|---|---|---|
| 005 | 20170124103022.0 | ||
| 010 | _aA-957305 | ||
| 020 |
_c100.00 _a8185045747 |
||
| 035 | _aA-957305 | ||
| 037 | _bCen Lib/Ret | ||
| 040 |
_aDPL _bHN |
||
| 082 |
_aक _bदुबेस |
||
| 100 |
_aदुबे, सतीश _960981 |
||
| 245 |
_aप्रेक्षागृह / _cसतीश दुबे |
||
| 246 |
_aPrekshagrah / _bby Sateesh Dubey |
||
| 260 |
_aदिल्ली _bदिशा प्रकाशन _c1998 |
||
| 270 |
_a138/16, त्रिनगर _b दिल्ली _e110035 |
||
| 300 |
_a123पृ. _c19सेमी(सजिल्द) |
||
| 650 |
_aहिन्दी साहित्य _960982 |
||
| 650 |
_aहिन्दी कहानियां _960983 |
||
| 650 |
_aHindi literature _960984 |
||
| 650 |
_aHindi stories _960985 |
||
| 942 |
_2ddc _cHN _hक _mदुबेस |
||
| 999 |
_c115338 _d115338 |
||